00978cam a22002657a 4500003000500000005001700005008004100022010001000063011001000073020001500083035001000098040000900108082001600117100002500133245013200158260003200290300001600322490006500338500003100403650002600434650004000460700002300500711012400523830006500647CHAP20220329142235.0000316s1990 nl a r 00010 eng d a80395 a81367 a0792310829 a91836 cCHAP04a574.524bH400aHennecke, Haukeeed.10aAdvances in molecular genetics of plant-microbe interactions :bproceedings of...c/ed. by Hauke Hennecke and Desh Pal S. Verma aDordrecht :bKluwer,c1990- av. :bilus. 0aCurrent plant science and biotechnology in agriculturev; 10 aLa biblioteca tiene : v. 114aGenética molecular.14aInteracción huésped-parásito.0 aVerma, Desh Pal S.02aInternational Symposium on the Molecular Genetics of Plant-Microbe Interactionsn(5 :d1990 :cInterlaken, Switzerland)0 aCurrent plant science and biotechnology in agriculturev; 10